MANAGEMENT OF INNOVATION AND PRODUCT DEV (Record no. 30161)

MARC details
000 -LEADER
fixed length control field 00337nam a2200121Ia 4500
008 - FIXED-LENGTH DATA ELEMENTS--GENERAL INFORMATION
fixed length control field 240624s9999 xx 000 0 und d
041 ## - LANGUAGE CODE
Language code of text/sound track or separate title eng
082 ## - DEWEY DECIMAL CLASSIFICATION NUMBER
Classification number 658.4063 CAN
100 ## - MAIN ENTRY--PERSONAL NAME
Personal name CANTAMESSA MARCO
245 ## - TITLE STATEMENT
Title MANAGEMENT OF INNOVATION AND PRODUCT DEV
260 ## - PUBLICATION, DISTRIBUTION, ETC.
Date of publication, distribution, etc. 2016
Place of publication, distribution, etc. Technological Perspectives Italy
Name of publisher, distributor, etc. Springer
365 ## - TRADE PRICE
Currency code ERU
Price amount 25
Holdings
Withdrawn status Lost status Damaged status Not for loan Home library Current library Shelving location Date acquired Cost, normal purchase price Full call number Barcode Date last seen Copy number Price effective from Koha item type
        IMTN IMTN Rack 31-A 12/22/2017 119.99 658.4063 CAN 30161 06/24/2024 79.1 06/24/2024 Books
Designed & Maintained by: LRC IMT Nagpur Contact: lrc@imtnag.ac.in© 2024. All Rights Reserved.